Anguilla - Quiz - Statistics

General Stats
  • This quiz has been taken 115 times
  • The average score is 5 of 8
Answer Stats
Question Answer % Correct
What is the country that owns Anguilla? United Kingdom
94%
What is the official language? English
89%
Where is Anguilla located? Caribbean
82%
What continent is Anguilla in? (If you know what continent the Caribbean is in, you know where Anguilla is) North America
79%
What is the Capital? The Valley
58%
What is the currency? East Caribbean Dollar
34%
What is the population of Anguilla in 2020? 15,000
29%
How many miles big is Anguilla? 35.14 square miles
5%
No matching quizzes found
Score Distribution
Percent of People with Each Score
Percentile by Number Answered
Your Score History
You have not taken this quiz